Fundamentals the physical environment
Contents: The physical environment; energy and earth; atmosphere; biosphere; environmental
Enregistré dans:
| Auteur principal: | |
|---|---|
| Format: | Livre |
| Langue: | Undetermined |
| Publié: |
New York
Routledge
2008
|
| Sujets: | |
| Tags: |
Ajouter un tag
Pas de tags, Soyez le premier à ajouter un tag!
|
| Thư viện lưu trữ: | Trung tâm Học liệu Trường Đại học Cần Thơ |
|---|
| LEADER | 00643nam a2200205Ia 4500 | ||
|---|---|---|---|
| 001 | CTU_153514 | ||
| 008 | 210402s9999 xx 000 0 und d | ||
| 082 | |a 910.02 | ||
| 082 | |b S642 | ||
| 100 | |a Smithson, Peter | ||
| 245 | 0 | |a Fundamentals the physical environment | |
| 245 | 0 | |c Peter Smithson, Ken Addison, and Ken Atkinson | |
| 260 | |a New York | ||
| 260 | |b Routledge | ||
| 260 | |c 2008 | ||
| 520 | |a Contents: The physical environment; energy and earth; atmosphere; biosphere; environmental | ||
| 650 | |a Physical geography | ||
| 650 | |x Textbooks | ||
| 904 | |i Tuyến | ||
| 980 | |a Trung tâm Học liệu Trường Đại học Cần Thơ | ||